Religion and World History : A Selection from the Works of Christopher Dawson /

Uloženo v:
Podrobná bibliografie
Hlavní autor: Dawson, Christopher (autor)
Další autoři: Oliver, James (edición) (edición), Scott, Christina (edición) (edición)
Médium: Kniha
Jazyk:angličtina
Vydáno: Nueva York, EUA, Image Books, 1975, c1975
Tagy: Přidat tag
Žádné tagy, Buďte první, kdo vytvoří štítek k tomuto záznamu!

MARC

LEADER 00000nam^a2200000^a^4500
001 000443821
005 20250521000000.0
009 20260310123501.068
020 |a 0-385-09551-1 
037 |a Acervo Xavier Clavigero 
041 |a ING 
091 |a FCA. 00254 
100 |a Dawson, Christopher  |e (autor) 
245 1 0 |a Religion and World History :  |b A Selection from the Works of Christopher Dawson / 
264 4 |a Nueva York, EUA,  |b Image Books,  |c 1975, c1975 
300 |a 351 p. 
336 |a texto  |b txt  |2 rdacontenido 
337 |a sin mediación  |b n  |2 rdamedio 
338 |a volumen  |b nc  |2 rdasoporte 
649 |a XX 
700 |a Oliver, James  |e (edición) 
700 |a Scott, Christina  |e (edición) 
910 |a Fondo Xavier Cacho Vázquez S.J. 
920 |a Impresos - Libros 
930 |a Fondos Especiales 
905 |a 131 
901 |a 0500331122  |b IT2  |c ESP  |i D6707  |u 20250521 
902 |a https://opac.biblio.iteso.mx/vufind/Record/000443821